000 01084pam a2200313 a 4500
001 3561531
003 OSt
005 20160811082506.0
008 980619s1999 nju b 001 0 eng
010 _a 98033526
020 _a0134365283
040 _aDLC
_cDLC
_dDLC
043 _an-us---
050 0 0 _aLB2831.92
_b.S49 1999
082 0 0 _a371.2/012
_221
100 1 _aSeyfarth, John T.
245 1 4 _aThe principal :
_bnew leadership for new challenges /
_cJohn T. Seyfarth.
260 _aUpper Saddle River, N.J. :
_bMerrill,
_cc1999.
300 _axiv, 354 p. ;
_c25 cm.
504 _aIncludes bibliographical references and indexes.
650 0 _aSchool principals
_zUnited States.
650 0 _aEducational leadership
_zUnited States.
650 0 _aSchool management and organization
_zUnited States.
906 _a7
_bcbc
_corignew
_d1
_eocip
_f19
_gy-gencatlg
942 _2lcc
_cBOOKS
999 _c13369
_d13369